| 000 | 00581nam a2200193Ia 4500 | ||
|---|---|---|---|
| 005 | 20260429111958.0 | ||
| 008 | 260429s9999||||xx |||||||||||||| ||und|| | ||
| 020 | _a9781685690335 | ||
| 041 | _aEnglish | ||
| 082 |
_a006.245 _bKUZ |
||
| 100 | _aKuzdeba, Scott | ||
| 245 | 0 |
_aRadio frequency machine learning : _ba practical deep learning perspective / _cScott Kuzdeba |
|
| 260 |
_aUnited States : _bArtech House, _c2025. |
||
| 300 | _axii, 247 p.; hb | ||
| 650 | _a Machine learning | ||
| 650 | _a Radio frequency identification | ||
| 650 | _aComputer science | ||
| 942 | _cTB | ||
| 999 |
_c51717 _d51717 |
||